Most Viewed Wikipedia Articles of 2007 - Statistics

General Stats
  • This quiz has been taken 3 times
  • The average score is 21 of 49
Answer Stats
# Hint Answer % Correct
19 American senator for Illinois Barack Obama
100%
1 World Leader of #5 George W. Bush
100%
5 Country United States
100%
3 Year 2007
67%
45 Awards show 79th Academy Awards
67%
15 Dictator who started #48 Adolf Hitler
67%
31 Fictional headmaster in #14 Albus Dumbledore
67%
22 Fictional Kazakh journalist Borat Sagdiyev
67%
36 Country (part of #7) England
67%
47 Action-adventure crime video game Grand Theft Auto IV
67%
14 Fantasy children's book series Harry Potter
67%
16 7th fantasy novel of series in #14 Harry Potter and the Deathly Hallows
67%
18 Apple portable media player IPod
67%
4 Sony video game console PlayStation 3
67%
20 1960s rock band The Beatles
67%
30 American animated comedy film (based on TV show) The Simpsons Movie
67%
25 World leader of #7 Tony Blair
67%
7 Country United Kingdom
67%
11 Nintendo video game console Wii
67%
48 Conflict (1939-1945) World War II
67%
38 Los Angeles labor strike 2007-08 Writers Guild of America strike
33%
23 American female pop singer Beyoncé
33%
10 American female pop singer Britney Spears
33%
21 Psychoactive drug Cannabis
33%
27 British missing person Disappearance of Madeleine McCann
33%
12 American rapper Eminem
33%
44 Worldwide environmental crisis Global Warming
33%
29 World leader of #7 Gordon Brown
33%
17 Rock music themed rhythm video game Guitar Hero III: Legends of Rock
33%
6 American superhero drama television series Heroes
33%
9 Cell phone IPhone
33%
26 American female "famous for being famous" media personality Paris Hilton
33%
40 Iraqi dictator Saddam Hussein
33%
50 American Marvel superhero film Spider-Man 3
33%
8 Crossover fighting video game Super Smash Bros. Brawl
33%
42 Scorsese crime thriller film The Departed
33%
49 Michael Bay science fiction action film Transformers
33%
13 Professional wrestling event WrestleMania 23
33%
35 Professional wrestling video game WWE SmackDown vs. Raw 2008
33%
46 Epic historical action film 300
0%
34 Naruto character Akatsuki
0%
43 American animated fantasy action Nickelodeon television series Avatar: The Last Airbender
0%
37 Album released by singer in #10 Blackout
0%
39 First-person shooter military video game Call of Duty 4: Modern Warfare
0%
28 Canadian professional wrestler Chris Benoit
0%
41 North American meteorological event/disaster February 2007 North American blizzard
0%
33 Pop song from album in #37, sung by singer in #10 Gimme More
0%
32 First-person shooter military science fiction video game Halo 3
0%
24 Mass shooting Virginia Tech Shooting
0%
No matching quizzes found
Score Distribution
Percent of People with Each Score
Percentile by Number Answered
Your Score History
You have not taken this quiz